000 00967nmm a2200289 a 4500
001 ocm0002015278
003 TR-IsHL
005 20201028175106.0
008 181015s2014 tu tur
007 cr cn
020 _a978­605­4921­300
035 _a2015278
_b(N$T)
050 0 4 _aPL248. K395
_bA35 2014
090 0 4 _aPL248. K395
_bA35 2014
100 1 _aKayıhan, Hasan
245 1 0 _aAcı su
_h[electronic resource] /
_cHasan Kayıhan ; Genel­Ya­yın­Yö­net­men­i:­Ah­met­Nu­ri­Yük­sel
250 _a1. Basım
260 _aİstanbul :
_bBilge Kültür Sanat Yayınları,
_c2014
300 _a496 p.
650 4 _aDil ve Edebiyat
650 4 _aLanguage and Literature
650 0 _aTürk roman
650 0 _aTurkish fiction
650 7 _aLITERARY COLLECTIONS / Middle Eastern
_2bisacsh
700 1 _aYüksel, Ahmet Nuri
856 4 0 _uhttp://search.ebscohost.com/login.aspx?direct=true&scope=site&db=e011xww&AN=2015278
999 _c18504
_d18504